01426nam a2200277 a 450000100060000000300080000600500170001400800410003102000150007202000220008703500230010903500190013204000370015104100080018808200270019610000290022324501130025226000370036530000240040250400660042650505500049265000130104265000340105565000200108965000390110916372BD-RjUL20211209000012.0140213s2000 enk b 001 0 eng d a0485004178 a0485006146 (pbk.) a(OCoLC)ocm44851896 a(BD-RjUL)16427 aUKMcUKMdIXAdNNCdBD-RjULbeng aeng04a792.0954221bBHP 20001 aBharucha, Rustom,d1953-14aThe politics of cultural practice :bthinking through theatre in an age of globalization /cRustom Bharucha. aLondon :bAthlone Press,cc2000. ax, 191 p. ;c24 cm. aIncludes bibliographical references (p. [177]-183) and index.0 aInterculturalism and its discriminations: shifting the agendas of the national, the multicultural, and the global -- When 'eternal India' meets the YPO: culture and globalization -- Gundegowda meets Peer Gynt: intracultural negotiations in theatre -- Towards a politics of sexuality: critical notes on "Spider woman" and "Fire" -- Phantoms of the other: fragments of the communal unconscious -- The shifting sites of secularism: cultural politics and activism in India today -- Afterwords: the body in crisis and the future of the intercultural. 0aTheater. 0aDramaxHistory and criticism. 0aTheaterzIndia. 0aTheaterxPolitical aspectszIndia.